000 00484nam a22001937a 4500
003 OSt
005 20140310181722.0
008 130307t xxu||||| |||| 00| 0 eng d
020 _a1400021383
050 _aP F3640
_b.K64 1993
082 _aIB 433.21
_bK67 1993
245 _aGerman learner's dictionary
_cWalter Kleinmann
260 _aNew York
_bLiving Language
_c1993
300 _a179 p. :
_c18 cm.
526 _c920L-1120L
562 _e1
942 _2lcc
_cBK
999 _c2049
_d2049